Book craft

Bibliographic Details
Main Author: Pluckrose, Henry
Format: Book
Published: London : Franklin Watts , 1992
Series:Fresh Start
Subjects:

MARC

LEADER 00000cam a2200000 7i4500
001 0000005529
002 000005978
005 20060207.0
020 |a 0749607505 
090 0 0 |a 745.5   |b PLU 
100 1 |a Pluckrose, Henry 
245 1 0 |a Book craft   |c Henry Pluckrose 
260 |a London :   |b Franklin Watts ,   |c 1992 
300 |a 40p ;   |c 25cm. 
490 0 |a Fresh Start 
650 0 0 |a Book craft   |x Juvenile literature 
999 |a 027169   |b BUKU   |c JUNIOR BOOKS   |e PERPUSTAKAAN KOMUNITI PETALING JAYA